Development control statistics, England 2000/01 (Record no. 101807)

MARC details
000 -LEADER
fixed length control field 00775cam a2200229 4500
008 - FIXED-LENGTH DATA ELEMENTS--GENERAL INFORMATION
fixed length control field 011218n2001 000 0 eng u
020 ## - INTERNATIONAL STANDARD BOOK NUMBER
International Standard Book Number 1851125140
035 ## - SYSTEM CONTROL NUMBER
System control number (Sirsi) u116033
050 ## - LIBRARY OF CONGRESS CALL NUMBER
Classification number 711.10212
-- 18
110 ## - MAIN ENTRY--CORPORATE NAME
Corporate name or jurisdiction name as entry element United Kingdom
Subordinate unit Department of the Environment, Transport and the Regions
9 (RLIN) 3507
245 ## - TITLE STATEMENT
Title Development control statistics, England 2000/01
260 ## - PUBLICATION, DISTRIBUTION, ETC.
Place of publication, distribution, etc. London
Name of publisher, distributor, etc. DETR
Date of publication, distribution, etc. 2001
350 ## - PRICE (NR) (BK AM CF MU VM SE) [OBSOLETE]
Price 10
520 ## - SUMMARY, ETC.
Summary, etc. View at www.planning.odpm.gov.uk
650 ## - SUBJECT ADDED ENTRY--TOPICAL TERM
Topical term or geographic name entry element DEVELOPMENT CONTROL
650 ## - SUBJECT ADDED ENTRY--TOPICAL TERM
Topical term or geographic name entry element PLANNING APPEALS
650 ## - SUBJECT ADDED ENTRY--TOPICAL TERM
Topical term or geographic name entry element PLANNING APPLICATIONS
650 ## - SUBJECT ADDED ENTRY--TOPICAL TERM
Topical term or geographic name entry element PLANNING DECISIONS
690 ## - LOCAL SUBJECT ADDED ENTRY--TOPICAL TERM (OCLC, RLIN)
Topical term or geographic name as entry element PLANNING LAW AND PRACTICE
856 ## - ELECTRONIC LOCATION AND ACCESS
Uniform Resource Identifier <a href="https://www.communities.gov.uk/index.asp?id=1146243">https://www.communities.gov.uk/index.asp?id=1146243</a>
Hours access method available View the statistics on the ODPM website...
942 ## - ADDED ENTRY ELEMENTS (KOHA)
Suppress in OPAC 0
Holdings
Withdrawn status Lost status Source of classification or shelving scheme Damaged status Not for loan Home library Current library Shelving location Date acquired Total Checkouts Full call number Barcode Date last seen Copy number Price effective from Koha item type
    Dewey Decimal Classification     Virtual Virtual Online 31/03/2003   ONLINE PUBLICATION 116033-3001 06/08/2019 1 06/08/2019 Book